000 00484nam a2200193Ia 4500
001 38715
008 140423s9999 xx 000 0 und d
020 _a9780070619876
040 _cPK-LaUMT
082 _a 515
_bRUD-R
100 _aRudin, Walter
245 _aReal and complex analysis
_cRudin, Walter
250 _a3rd
260 _aNew Delhi,India:
_bTata McGraw-Hill Publishing,
_c2008
300 _a416 p.
546 _aEN
650 _aMathematical analysis
942 _cBK
999 _c38047
_d38047